Wypisz Wszystkie Stolice Europy #1 - Statystyki

Ogólne statystyki
  • Ten quiz został rozwiązany 2 246 razy
  • Średni wynik to 26 z 43
Statystyki odpowiedzi
Hint Odpowiedź % Poprawnych
Andora Andora
85%
Austria Wiedeń
84%
Belgia Bruksela
83%
Polska Warszawa
81%
Francja Paryż
78%
Niemcy Berlin
76%
Hiszpania Madryt
76%
Czechy Praga
74%
Grecja Ateny
73%
Ukraina Kijów
73%
Wielka Brytania Londyn
73%
Włochy Rzym
72%
Norwegia Oslo
71%
Portugalia Lizbona
70%
San marino San Marino
70%
Watykan Watykan
70%
Holandia Amsterdam
68%
Monako Monako
68%
Albania Tirana
67%
Dania Kopenhaga
65%
Luksemburg Luksemburg
65%
Litwa Wilno
64%
Węgry Budapeszt
63%
Irlandia Dublin
63%
Finlandia Helsinki
63%
Chorwacja Zagrzeb
63%
Bułgaria Sofia
59%
Rumunia Bukareszt
58%
Łotwa Ryga
58%
Szwecja Sztokholm
58%
Słowacja Bratysława
55%
Islandia Reykjavik
54%
Estonia tallin
54%
Szwajcaria Berno
51%
Malta Valletta
46%
Liechtenstein Vaduz
44%
Serbia Belgrad
42%
Słowenia Lublana
40%
Czarnogóra Podgorica
40%
Mołdawia Kiszyniów
38%
Macedonia Skopje
36%
Białoruś Min\ńsk
11%
Bośnia i Hercegowina Sarejewo
10%
Nie znaleziono quizów pasujących do podanych kryteriów
Rozkład punktacji
Procent ludzi z każdym wynikiem
Percentyl według liczby udzielonych odpowiedzi
Twoja historia wyników
Nie rozwiązałeś tego quizu